| 000 | 00887nam a2200277 i 4500 | ||
|---|---|---|---|
| 001 | bg | ||
| 003 | KOSZ 005 | ||
| 005 | 20200630132820.0 | ||
| 008 | 080110s1967 pl a f f 000 0 pol | ||
| 015 | _aPB 1968/922 | ||
| 040 |
_aWA N _cKOSZ 005 |
||
| 080 | _a621.01 | ||
| 080 | _a(075.8) | ||
| 100 | 1 |
_aKorewa, Witold _d(1899-1976). _eAutor |
|
| 245 | 1 | 0 |
_aCzęści maszyn. _nCz. 3 / _cWitold Korewa. |
| 250 | _aWyd. 6. | ||
| 260 |
_aWarszawa : _bPaństwowe Wydawnictwo Naukowe, _c1967. |
||
| 300 |
_a[2], 254 s. : _bil. ; _c24 cm. |
||
| 380 | _aKsiążki | ||
| 504 | _aBibliogr. s. 253-254. | ||
| 650 | 4 |
_aMaszyny _xbudowa i konstrukcje. |
|
| 655 | 4 | _aPodręczniki akademickie | |
| 710 | 2 |
_aPaństwowe Wydawnictwo Naukowe _4pbl. |
|
| 856 |
_uhttp://koha.tu.koszalin.pl/cgi-bin/koha/opac-detail.pl?biblionumber=10865 _yKatalog online BPK |
||
| 942 |
_2UKD _cKS |
||
| 999 |
_c10865 _d10865 |
||